000 01733nam a2200253Ia 4500
003 Ost
005 20260507075410.0
008 260507s9999||||xx |||||||||||||| ||und||
040 _cfsecg
041 _aara
082 _a600
100 _aغراب، إبراهيم سالم محمد
_eمؤلف
245 0 _aالمشتريات كأداة لتموين المخازن وحسابات المخازن كأداة للرقابة على المستلزمات السلعية /
_c إبراهيم سالم محمد غراب
260 _aالإسكندرية:
_bالمكتب العربي الحديث,
_c2008
300 _a397 صفحة؛
_bإيضاحات ؛
_c24 سم
504 _aالمراجع ص.397؛ الملاحق ص.307
520 _aيضم المفاهيم العامة لوظيفة التخزين، عناصر المخزون، التخطيط وتحليل سياسات التخصيص، حسابات المخازن كأداة للرقابة على المستلزمات السلعية، المحاسبة عن عنصر تكلفة المستلزمات السلعية، الرقابة على عنصر تكلفة المستلزمات السلعية، المشتريات كأداة لتموين المخازن، تخطيط المشتريات، سياسات الشراء، إجراءات التخزين، الرقابة على المخزون، جرد المخازن، المناولة في المخازن، تشغيل المخازن وتنظيم إدارة المخازن
653 _aإدارة المشتريات
653 _aالتموين
653 _aالرقابة
653 _aالشراء للتخزين
700 _aالبيومى، محمود محمد عبد السلام
_eمؤلف ثانوي
942 _cكتاب
999 _c44374
_d44374